| 000 | 00520nam a2200181 a 4500 | ||
|---|---|---|---|
| 005 | 20240614063707.0 | ||
| 008 | 991125s1974 lon 000 0 eng u | ||
| 035 | _aUPN01000033881 | ||
| 049 | _aCG | ||
| 050 | 4 |
_aPE1121 M6.4 _bLM |
|
| 100 | 1 | _aMorris, Joyce M. | |
| 245 | 1 | 0 |
_aLanguage in action resource book : _ba practical manual for teachers / _cJoyce M. Morris |
| 260 |
_aLondon : _bMacMillan, _c1974 |
||
| 300 | _a160 p. | ||
| 650 | 4 |
_aInglés _xEstudio y enseñanza _918 |
|
| 904 |
_aAC _b033882 |
||
| 905 | _aLibro | ||
| 999 |
_c33881 _d33881 |
||